000 00759nam a2200193Ia 4500
003 GCL
005 20240530104745.0
008 140319s9999 xx 000 0 ara d
040 _aGCL /
_cGCL
082 0 4 _a415
_bك ا
100 1 _aكمال الدين ابى البركات عبدالرحمن
245 1 0 _aالانصاف فى مسائل الخلاف بين النحوية : البصرية والكوفية /
_cكمال الدين ابى البركات عبدالرحمن
260 _a[S.N] :
_bالمكتبة العصرية للنشر والتوزيع ،
_c1987
300 _a880 ص ؛
_b24 سم.
650 0 4 _aالنحو
650 0 4 _aاللغة العربية
700 1 _aابن محمد بن ابى سعيد الانبارى
942 _2ddc
_cBK
999 _c50402
_d50402